[Event "48th ch-IND"]
[Site "New Delhi IND"]
[Date "2010.12.18"]
[EventDate "2010.12.09"]
[Round "9"]
[Result "0-1"]
[White "Vidit Santosh Gujrathi"]
[Black "Babu M R Lalith"]
[WhiteElo "2489"]
[BlackElo "2481"]
[PlyCount "108"]

1. d4 Nf6 2. c4 e6 3. g3 Bb4+ 4. Nd2 d5 5. Bg2 O-O 6. Nf3 b6
7. O-O Bb7 8. cxd5 exd5 9. Ne5 Nbd7 10. Ndf3 Be7 11. Bf4 c5
12. Rc1 h6 13. Qa4 Nxe5 14. Nxe5 Qe8 15. Qc2 Ne4 16. dxc5 Bxc5
17. Nd3 Rc8 18. Qb3 Bc6 19. Nxc5 Nxc5 20. Qe3 Qd7 21. Rfd1
Rfe8 22. Qd2 Ne6 23. Be5 d4 24. f3 Ba4 25. Rxc8 Qxc8 26. b3
Bb5 27. a4 Ba6 28. Bxd4 Nxd4 29. Qxd4 Bxe2 30. Re1 Ba6
31. Rxe8+ Qxe8 32. Qd2 Qe5 33. f4 Qc5+ 34. Kh1 Qe7 35. Kg1 Bc8
36. h3 a5 37. g4 Be6 38. Qd3 Qc5+ 39. Kh2 Qc7 40. Kg1 Qc1+
41. Bf1 Qc5+ 42. Kh1 Bd5+ 43. Bg2 Qc1+ 44. Kh2 Qxf4+ 45. Kh1
Qc1+ 46. Kh2 Qc7+ 47. Kh1 Be6 48. Be4 Qd7 49. Qa6 Qd1+ 50. Kh2
Qd2+ 51. Bg2 Qd6+ 52. Kh1 Bxb3 53. Qa8+ Kh7 54. Bf3 g6 0-1

[Event "48th ch-IND"]
[Site "New Delhi IND"]
[Date "2010.12.19"]
[EventDate "2010.12.09"]
[Round "10"]
[Result "1/2-1/2"]
[White "Vidit Santosh Gujrathi"]
[Black "Tejas Bakre"]
[WhiteElo "2489"]
[BlackElo "2525"]
[PlyCount "46"]

1. d4 d5 2. c4 e6 3. Nf3 Nf6 4. g3 Bb4+ 5. Bd2 Be7 6. Bg2 O-O
7. O-O c6 8. Qc2 b6 9. Rd1 Bb7 10. Bf4 Nbd7 11. Nc3 dxc4
12. Nd2 Nd5 13. Nxc4 Nxf4 14. gxf4 Rc8 15. e3 Nf6 16. a3 Nd5
17. b4 Rc7 18. Ne5 f5 19. Rac1 Bd6 20. Nc4 Be7 21. Ne5 Bd6
22. Nc4 Be7 23. Ne5 Bd6 1/2-1/2

[Event "48th ch-IND"]
[Site "New Delhi IND"]
[Date "2010.12.20"]
[EventDate "2010.12.09"]
[Round "11"]
[Result "0-1"]
[White "Rajaram R Laxman"]
[Black "Vidit Santosh Gujrathi"]
[WhiteElo "2479"]
[BlackElo "2489"]
[PlyCount "60"]

1. Nf3 d5 2. b3 c5 3. Bb2 Nc6 4. e3 a6 5. Be2 Nf6 6. Bxf6 gxf6
7. d4 cxd4 8. exd4 Bg7 9. c3 e5 10. O-O Be6 11. a4 e4 12. Ne1
f5 13. f4 h5 14. b4 h4 15. Nd2 a5 16. b5 Ne7 17. b6 Rc8
18. Qb3 Qd6 19. Nc2 Ng6 20. Bb5+ Ke7 21. Qa3 Qxa3 22. Rxa3 Bh6
23. g3 Rcg8 24. Kf2 hxg3+ 25. hxg3 Nxf4 26. gxf4 Bxf4 27. Ke1
Bd6 28. Rb3 Rh2 29. Ne3 f4 30. Nd1 Rgg2 0-1

[Event "48th ch-IND"]
[Site "New Delhi IND"]
[Date "2010.12.21"]
[EventDate "2010.12.09"]
[Round "12"]
[Result "1-0"]
[White "Vidit Santosh Gujrathi"]
[Black "Praveen Mahadeo Thipsay"]
[WhiteElo "2489"]
[BlackElo "2465"]
[PlyCount "77"]

1. d4 Nf6 2. c4 g6 3. Nf3 Bg7 4. g3 O-O 5. Bg2 d6 6. O-O Nbd7
7. Nc3 e5 8. e4 exd4 9. Nxd4 Re8 10. h3 a6 11. Be3 Rb8 12. b3
c6 13. a4 a5 14. Qc2 Nc5 15. Rad1 Nfd7 16. Rfe1 Qe7 17. f4 h5
18. Bf2 Qf8 19. Re2 Nf6 20. Nf3 Nh7 21. Bd4 Bh6 22. Red2 b6
23. Bf2 Nf6 24. Bxc5 dxc5 25. Rd6 Bg7 26. e5 Bf5 27. Qf2 Nh7
28. Rxc6 f6 29. Nh4 fxe5 30. Bd5+ Kh8 31. g4 Bf6 32. gxf5 Bxh4
33. Qxh4 Qxf5 34. Be4 Qxf4 35. Qxf4 exf4 36. Rxg6 Rg8 37. Kf2
Ng5 38. Rh6+ Kg7 39. Rxh5 1-0

[Event "48th ch-IND"]
[Site "New Delhi IND"]
[Date "2010.12.22"]
[EventDate "2010.12.09"]
[Round "13"]
[Result "1-0"]
[White "Abhijit Kunte"]
[Black "Vidit Santosh Gujrathi"]
[WhiteElo "2517"]
[BlackElo "2489"]
[PlyCount "91"]

1. d4 d5 2. c4 c6 3. Nf3 Nf6 4. Nc3 a6 5. g3 b5 6. c5 a5
7. Bg2 Nbd7 8. O-O g6 9. e4 dxe4 10. Ng5 Bg7 11. Ncxe4 Nxe4
12. Nxe4 Bb7 13. Bg5 Nf6 14. Bxf6 Bxf6 15. Nxf6+ exf6 16. Re1+
Kf8 17. Qe2 Qd7 18. Rac1 Rd8 19. Qc2 Rc8 20. Qd2 Kg7 21. Qxa5
Qxd4 22. Re7 Ba8 23. Qc3 Rcd8 24. Qb3 Rhf8 25. Bf3 Rde8
26. Ra7 Rb8 27. Qc3 Rfd8 28. Qxd4 Rxd4 29. Re1 Ra4 30. Ree7
Rxa7 31. Rxa7 Bb7 32. b4 Kf8 33. Kf1 Kg7 34. Ke2 f5 35. Kd2
Kf6 36. Kc3 Ke6 37. a4 bxa4 38. b5 a3 39. bxc6 Bc8 40. Rxa3
Ke5 41. c7 Rb5 42. Kc4 Rb2 43. Re3+ Kf6 44. Re8 Ba6+ 45. Kc3
Rxf2 46. Be2 1-0

[Event "World Junior Championship"]
[Site "Chennai IND"]
[Date "2011.08.02"]
[EventDate "2011.08.02"]
[Round "1.24"]
[Result "1-0"]
[White "Vidit Santosh Gujrathi"]
[Black "N Surendran"]
[WhiteElo "2492"]
[BlackElo "2187"]
[PlyCount "69"]

1. d4 Nf6 2. c4 e6 3. g3 Bb4+ 4. Bd2 Qe7 5. Nf3 O-O 6. Bg2 Ne4
7. O-O Bxd2 8. Nfxd2 Nxd2 9. Qxd2 d6 10. Nc3 Nd7 11. e4 e5
12. f4 Nb6 13. b3 a5 14. Rac1 c6 15. Qe3 Nd7 16. h3 Qd8
17. Rcd1 Qb6 18. Rfe1 Rd8 19. dxe5 Qxe3+ 20. Rxe3 dxe5
21. Red3 Re8 22. Rxd7 Bxd7 23. Rxd7 Rab8 24. Kf2 Red8
25. Rxd8+ Rxd8 26. Ke3 f6 27. fxe5 fxe5 28. c5 Kf7 29. Bf3 g6
30. Na4 Kf6 31. Nb6 h5 32. Be2 Rh8 33. a4 h4 34. gxh4 Rxh4
35. Bg4 1-0

[Event "World Junior Championship"]
[Site "Chennai IND"]
[Date "2011.08.03"]
[EventDate "2011.08.01"]
[Round "2"]
[Result "0-1"]
[White "Girish A Koushik"]
[Black "Vidit Santosh Gujrathi"]
[WhiteElo "2309"]
[BlackElo "2492"]
[PlyCount "107"]

1. e4 c5 2. Nf3 d6 3. d4 cxd4 4. Nxd4 Nf6 5. Nc3 Nc6 6. Bg5 e6
7. Qd2 a6 8. O-O-O Bd7 9. f3 b5 10. Nxc6 Bxc6 11. h4 Qc7
12. Bxf6 gxf6 13. Kb1 h5 14. Bd3 Bh6 15. Qf2 Qa7 16. Qg3 Qc5
17. Rhf1 b4 18. Ne2 a5 19. f4 a4 20. Qf2 Qxf2 21. Rxf2 Ke7
22. Ng3 Rag8 23. Nf1 d5 24. exd5 Bxd5 25. g3 Rd8 26. Ne3 Bc6
27. Be2 Rxd1+ 28. Bxd1 Bg7 29. Re2 Be4 30. Rd2 f5 31. Be2 a3
32. Nc4 axb2 33. Ne5 Bxe5 34. fxe5 Rg8 35. Rd4 Rxg3 36. Kxb2
Re3 37. Bxh5 f4 38. Rc4 f3 39. Rc7+ Kd8 40. Rxf7 Bf5 41. Rf8+
Kc7 42. Be8 f2 43. Bb5 Rxe5 44. Bc4 Rc5 45. Bd3 Rc3 46. Rf7+
Kb6 47. Bf1 Rxc2+ 48. Kb3 Rc1 49. Be2 Re1 50. Bc4 Rb1+ 51. Ka4
Bc2+ 52. Bb3 Bxb3+ 53. axb3 f1=Q 54. Kxb4 0-1

[Event "World Junior Championship"]
[Site "Chennai IND"]
[Date "2011.08.04"]
[EventDate "2011.08.01"]
[Round "3"]
[Result "0-1"]
[White "Vidit Santosh Gujrathi"]
[Black "Ivan Salgado Lopez"]
[WhiteElo "2492"]
[BlackElo "2626"]
[PlyCount "76"]

1. d4 Nf6 2. Nf3 g6 3. c4 Bg7 4. Nc3 d5 5. Bf4 O-O 6. e3 c5
7. Rc1 cxd4 8. Nxd4 Ne4 9. cxd5 Nxc3 10. bxc3 Qxd5 11. Qb3 Qa5
12. Nb5 Be6 13. Bc4 Bxc4 14. Qxc4 a6 15. Nc7 e5 16. Nxa8 exf4
17. O-O Nc6 18. Qb3 f3 19. Qxb7 Qg5 20. g3 Ne5 21. Qe4 Qd8
22. c4 Qxa8 23. Qxa8 Rxa8 24. c5 Rc8 25. Rfd1 Bf8 26. Rd5 f6
27. e4 Rc6 28. h3 h5 29. Kf1 Kf7 30. a4 Be7 31. a5 Ke6 32. Rb1
Nd7 33. Rb7 Nxc5 34. Rb6 Bd6 35. g4 hxg4 36. hxg4 g5 37. Rf5
Be5 38. Rxf3 Kd6 0-1

[Event "World Junior Championship"]
[Site "Chennai IND"]
[Date "2011.08.05"]
[EventDate "2011.08.01"]
[Round "4"]
[Result "0-1"]
[White "Zan Tomazini"]
[Black "Vidit Santosh Gujrathi"]
[WhiteElo "2288"]
[BlackElo "2492"]
[PlyCount "88"]

1. e4 c5 2. c3 d5 3. exd5 Qxd5 4. d4 e6 5. Nf3 Nf6 6. a3 Nc6
7. Be3 cxd4 8. cxd4 g6 9. Nc3 Qd6 10. Bc4 Bg7 11. O-O O-O
12. Qd2 Ne7 13. Bf4 Qd8 14. Bg5 Qc7 15. Ba2 Bd7 16. Ne5 Bc6
17. Rac1 Rad8 18. Qf4 Nf5 19. Rfd1 Qb6 20. Nxc6 bxc6 21. Qe5
Nd7 22. Bxd8 Rxd8 23. Qe2 Nxd4 24. Qe3 Qxb2 25. Bc4 Nb6
26. Bf1 Qxa3 27. Ne4 Qe7 28. Qe1 Rd5 29. Nc3 Rd8 30. Ne2 c5
31. Nxd4 Bxd4 32. g3 Nd5 33. Bg2 Nb4 34. Qe4 Kg7 35. Bf3 a5
36. h4 h5 37. Kg2 e5 38. Rd2 a4 39. Bd1 f5 40. Qe2 a3 41. Bb3
e4 42. Rc4 Qb7 43. Kh2 Nd3 44. Ba2 Nxf2 0-1

[Event "World Junior Championship"]
[Site "Chennai IND"]
[Date "2011.08.06"]
[EventDate "2011.08.01"]
[Round "5"]
[Result "1/2-1/2"]
[White "Vidit Santosh Gujrathi"]
[Black "Sanan Sjugirov"]
[WhiteElo "2492"]
[BlackElo "2629"]
[PlyCount "40"]

1. d4 d5 2. c4 e6 3. Nf3 Nf6 4. g3 Bb4+ 5. Bd2 Be7 6. Bg2 O-O
7. O-O c6 8. Qc2 b6 9. Rd1 Nbd7 10. Bf4 Ba6 11. b3 Rc8 12. Nc3
Qe8 13. e4 dxc4 14. bxc4 Bxc4 15. Nd2 Ba6 16. Qa4 Bd3 17. Nb3
Bc2 18. Rdc1 Bd3 19. Rd1 Bc2 20. Rdc1 Bd3 1/2-1/2

[Event "World Junior Championship"]
[Site "Chennai IND"]
[Date "2011.08.07"]
[EventDate "2011.08.02"]
[Round "6"]
[Result "1/2-1/2"]
[White "Maxim Matlakov"]
[Black "Vidit Santosh Gujrathi"]
[WhiteElo "2632"]
[BlackElo "2492"]
[PlyCount "159"]

1. d4 Nf6 2. c4 e6 3. Nc3 Bb4 4. Nf3 d5 5. cxd5 exd5 6. Bg5
Nbd7 7. Qc2 O-O 8. a3 Bxc3+ 9. Qxc3 h6 10. Bf4 c5 11. dxc5 Ne4
12. Qc2 Ndxc5 13. b4 Ne6 14. Be5 a5 15. e3 Qb6 16. Rb1 axb4
17. Rxb4 Qa5 18. Bb2 Bd7 19. Nd2 Rfc8 20. Qd3 Ba4 21. Nb3 Bxb3
22. Qxb3 d4 23. Bb5 Rd8 24. Qc2 Nd6 25. Bd3 Rac8 26. Qb1 Qg5
27. O-O dxe3 28. h4 exf2+ 29. Rxf2 Qe3 30. Kf1 Qc5 31. Qe1 Qd5
32. Rf3 Nc4 33. Bc3 b5 34. Rg3 Rc5 35. Kg1 Ne5 36. Bf5 f6
37. Re4 Nf8 38. Kh2 Kh8 39. Bxe5 fxe5 40. Qe3 Qd6 41. Reg4 Rc7
42. Qe2 Rb8 43. Re4 Re7 44. Qd3 Qc5 45. Qc3 Qd6 46. Rd3 Qf6
47. Bh3 Ng6 48. g3 Qf2+ 49. Bg2 Ree8 50. Rd6 Rbc8 51. Qe3 Qf7
52. Qe2 Nf8 53. Rxe5 Nd7 54. Rxe8+ Rxe8 55. Qxb5 Ne5 56. Rd4
h5 57. Re4 Ng4+ 58. Rxg4 hxg4 59. Qg5 Re2 60. Qxg4 Qa2 61. Qf3
Rxg2+ 62. Qxg2 Qxa3 63. Qe4 Qd6 64. h5 Qf6 65. Kh3 Qf1+
66. Kh4 Qf6+ 67. Kg4 Qf7 68. Qe5 Qd7+ 69. Kg5 Kg8 70. Qb8+ Kh7
71. Qb1+ Kg8 72. Qb8+ Kh7 73. Qf8 Qd2+ 74. Qf4 Qd8+ 75. Kg4
Qd1+ 76. Qf3 Qxf3+ 77. Kxf3 Kh6 78. g4 g6 79. g5+ Kxg5 80. Ke4
1/2-1/2

[Event "World Junior Championship"]
[Site "Chennai IND"]
[Date "2011.08.09"]
[EventDate "2011.08.02"]
[Round "7"]
[Result "0-1"]
[White "Aleksandr Shimanov"]
[Black "Vidit Santosh Gujrathi"]
[WhiteElo "2586"]
[BlackElo "2492"]
[PlyCount "46"]

1. d4 Nf6 2. c4 e6 3. Nf3 d5 4. Nc3 Bb4 5. Qb3 c5 6. cxd5 exd5
7. dxc5 Nc6 8. Bg5 Be6 9. O-O-O O-O 10. Bxf6 Qxf6 11. Nxd5
Qh6+ 12. e3 Bxc5 13. Qb5 Rac8 14. Kb1 b6 15. Nc3 Nb4 16. Nd4
Rfd8 17. Nxe6 Rxd1+ 18. Nxd1 Qg6+ 19. Bd3 Nxd3 20. e4 Qxe4
21. f3 Qg6 22. Nxc5 Nxc5+ 23. Ka1 Nb3+ 0-1

[Event "World Junior Championship"]
[Site "Chennai IND"]
[Date "2011.08.11"]
[EventDate "2011.08.02"]
[Round "9"]
[Result "1/2-1/2"]
[White "Nils Grandelius"]
[Black "Vidit Santosh Gujrathi"]
[WhiteElo "2542"]
[BlackElo "2492"]
[PlyCount "120"]

1. e4 c6 2. Ne2 d5 3. e5 d4 4. c3 c5 5. b4 cxb4 6. Nxd4 e6
7. Be2 Ne7 8. O-O Nbc6 9. Nxc6 Nxc6 10. d4 bxc3 11. Nxc3 Bb4
12. Nb5 a6 13. Bg5 Qa5 14. a3 axb5 15. axb4 Qxa1 16. Qxa1 Rxa1
17. Rxa1 Nxd4 18. Bf1 O-O 19. Rd1 Nc6 20. Bxb5 h6 21. Be3 Rd8
22. Rxd8+ Nxd8 23. Bc5 Nc6 24. f4 Bd7 25. Bd3 b6 26. Bd6 f5
27. exf6 gxf6 28. Kf2 Kf7 29. Ke3 Na7 30. Be2 Nb5 31. Bh5+ Kg7
32. Be7 Bc6 33. g3 Nc7 34. Kd3 Bg2 35. h4 Bf1+ 36. Kd4 Nb5+
37. Ke3 Nc7 38. Bd6 Nb5 39. Bb8 Nc3 40. Kf2 Bc4 41. g4 Nd5
42. Bd6 Bb5 43. g5 hxg5 44. fxg5 fxg5 45. hxg5 Bd3 46. Kg3 Bg6
47. Be2 Kf7 48. Kh4 Ke8 49. b5 Kf7 50. Be5 Kg8 51. Bd4 Kf7
52. Bf3 Bd3 53. Kh5 Bg6+ 54. Kh4 Bd3 55. Bh5+ Bg6 56. Be2 Bf5
57. Bc4 Kg6 58. Bxd5 exd5 59. Bxb6 Bd3 60. Bd4 Bxb5 1/2-1/2

[Event "World Junior Championship"]
[Site "Chennai IND"]
[Date "2011.08.13"]
[EventDate "2011.08.02"]
[Round "11"]
[Result "1-0"]
[White "Vidit Santosh Gujrathi"]
[Black "Sasa Martinovic"]
[WhiteElo "2492"]
[BlackElo "2521"]
[PlyCount "89"]

1. d4 Nf6 2. c4 g6 3. Nc3 Bg7 4. e4 d6 5. Nf3 O-O 6. Be2 e5
7. Be3 exd4 8. Nxd4 Re8 9. f3 c6 10. Bf2 d5 11. exd5 cxd5
12. O-O Nc6 13. c5 Nh5 14. Qd2 Be5 15. g3 Bh3 16. Rfd1 Qd7
17. Bb5 Re7 18. Nde2 a6 19. Ba4 Qf5 20. Qxd5 Nf6 21. Qd3 Qh5
22. Bxc6 bxc6 23. Ne4 Nxe4 24. Qxe4 Rae8 25. Qxc6 Bc8 26. Qd5
Bxb2 27. Nf4 Qh6 28. Rab1 Be5 29. Re1 Bxf4 30. Rxe7 Rxe7
31. gxf4 Re8 32. Qc6 Rf8 33. Qf6 Qg7 34. Bd4 Qxf6 35. Bxf6 Be6
36. a3 Rc8 37. Rd1 h6 38. c6 Kh7 39. Rd6 Rb8 40. h4 h5 41. c7
Rb1+ 42. Kf2 Rc1 43. Rd8 g5 44. hxg5 Kg6 45. Rh8 1-0

[Event "World Junior Championship"]
[Site "Chennai IND"]
[Date "2011.08.14"]
[EventDate "2011.08.02"]
[Round "12"]
[Result "1/2-1/2"]
[White "Sethuraman P Sethuraman"]
[Black "Vidit Santosh Gujrathi"]
[WhiteElo "2529"]
[BlackElo "2492"]
[PlyCount "102"]

1. e4 c6 2. d4 d5 3. e5 Bf5 4. h4 h5 5. c4 e6 6. Nc3 Nd7
7. cxd5 cxd5 8. Bd3 Bxd3 9. Qxd3 Ne7 10. Nf3 g6 11. Bg5 Qb6
12. O-O Nf5 13. Rfc1 Bg7 14. Na4 Qb4 15. b3 Qa5 16. Bd2 Qd8
17. Qb5 Rb8 18. Nc5 a6 19. Qa4 Bf8 20. Ba5 b5 21. Bxd8 bxa4
22. Bc7 Rc8 23. Nxa4 Ba3 24. Rc3 Ke7 25. Ba5 Rxc3 26. Bxc3 Rc8
27. Rd1 Nb6 28. Bb2 Bxb2 29. Nxb2 Rc2 30. Rb1 Nd7 31. a3 Nb8
32. Nd1 Ra2 33. Ne3 Rxa3 34. Nxf5+ gxf5 35. b4 Nc6 36. b5 axb5
37. Rxb5 Ra4 38. Rb7+ Ke8 39. Ng5 Rxd4 40. Nxf7 Rxh4 41. Ng5
Nxe5 42. Nxe6 Ra4 43. Ng7+ Kd8 44. Rb5 Ng4 45. Rxd5+ Ke7
46. Rd1 Kf6 47. Nxh5+ Kg5 48. Ng3 Ra2 49. Rd5 Kg6 50. Rd6+ Kg5
51. Rd5 Kg6 1/2-1/2

[Event "World Junior Championship"]
[Site "Chennai IND"]
[Date "2011.08.15"]
[EventDate "2011.08.02"]
[Round "13"]
[Result "0-1"]
[White "Vidit Santosh Gujrathi"]
[Black "Alexey Goganov"]
[WhiteElo "2492"]
[BlackElo "2489"]
[PlyCount "86"]

1. Nf3 Nf6 2. c4 e6 3. g3 a6 4. Nc3 d5 5. cxd5 exd5 6. d4 Be7
7. Bg2 O-O 8. O-O Nbd7 9. Bf4 c6 10. Qb3 Nh5 11. Bd2 Nhf6
12. Rad1 Bd6 13. Rfe1 h6 14. Bf4 Bxf4 15. gxf4 Ne8 16. Ne5 Nd6
17. Na4 Nf6 18. Nc5 Qe7 19. e4 Nfxe4 20. Nxe4 Nxe4 21. f3 Nf6
22. Ng6 Qxe1+ 23. Rxe1 fxg6 24. Re7 Rb8 25. Qb6 Bd7 26. Bf1
Bf5 27. Rxb7 Rbe8 28. Kf2 Nh5 29. Bxa6 Nxf4 30. Bf1 g5 31. Qc7
Ne6 32. Qxc6 Nd8 33. Qb5 Nxb7 34. Qxb7 Be4 35. Kg1 Bxf3
36. Qb4 Re4 37. h3 g4 38. a4 Ref4 39. hxg4 Rxg4+ 40. Kh2 Be4
41. Kh3 Rg1 42. Be2 Rf2 43. Bg4 Rfg2 0-1

[Event "IND-chA 49th"]
[Site "Aurangabad"]
[Date "2011.10.20"]
[EventDate "?"]
[Round "12"]
[Result "0-1"]
[White "Geetha Narayanan Gopal"]
[Black "Vidit Santosh Gujrathi"]
[WhiteElo "2572"]
[BlackElo "2508"]
[PlyCount "98"]

1. e4 c6 2. d4 d5 3. e5 Bf5 4. h4 h6 5. g4 Bd7 6. Nd2 c5
7. dxc5 Nc6 8. f4 e6 9. Nb3 Bxc5 10. Nxc5 Qa5+ 11. c3 Qxc5
12. Nf3 f6 13. Qd3 Nge7 14. b4 Qb6 15. b5 Na5 16. exf6 gxf6
17. Qd4 Qxd4 18. cxd4 Nc4 19. Rb1 e5 20. Rg1 exf4 21. Bxf4 Rg8
22. Bxh6 Bxg4 23. Kf2 Bxf3 24. Bxc4 dxc4 25. Kxf3 Kf7 26. Be3
Rh8 27. Bf2 Nd5 28. Rbc1 c3 29. Be1 Rhe8 30. h5 Re3+ 31. Kf2
Rh8 32. Rg3 Rhe8 33. Rxe3 Rxe3 34. a3 Kg7 35. Kf1 Kh6 36. Bf2
Rh3 37. Rc2 Kxh5 38. Rc1 Kg4 39. Ke2 Nf4+ 40. Kd1 Rh1+ 41. Be1
Rxe1+ 42. Kxe1 Nd3+ 43. Kd1 Nxc1 44. Kxc1 Kf5 45. Kc2 Ke4
46. Kxc3 f5 47. Kc4 f4 48. Kc3 f3 49. Kd2 Kxd4 0-1

[Event "Asian Continental Chess Championship"]
[Site "Ho Chi Minh VIE"]
[Date "2012.05.05"]
[EventDate "2012.05.05"]
[Round "1"]
[Result "1-0"]
[White "Vidit Santosh Gujrathi"]
[Black "Quang Long Le"]
[WhiteElo "2528"]
[BlackElo "2351"]
[PlyCount "49"]

1. d4 Nf6 2. Nf3 c5 3. d5 b5 4. Bg5 Ne4 5. Bh4 Bb7 6. a4 Qa5+
7. Nbd2 Bxd5 8. axb5 Qb4 9. c4 g5 10. cxd5 Nxd2 11. Qxd2 gxh4
12. Qxb4 cxb4 13. b6 a5 14. b7 Ra7 15. Rc1 d6 16. Rc8+ Kd7
17. Rxb8 Kc7 18. Re8 Kxb7 19. e3 a4 20. Kd2 Ra5 21. Bc4 Bg7
22. Rxe7+ Kb6 23. Nd4 Rc5 24. Bd3 Rf8 25. Ra1 1-0

[Event "Asian Continental Chess Championship"]
[Site "Ho Chi Minh VIE"]
[Date "2012.05.06"]
[EventDate "2012.05.05"]
[Round "2"]
[Result "1/2-1/2"]
[White "Xiu Deshun"]
[Black "Vidit Santosh Gujrathi"]
[WhiteElo "2494"]
[BlackElo "2528"]
[PlyCount "133"]

1. d4 Nf6 2. c4 e6 3. Nf3 d5 4. Nc3 Bb4 5. cxd5 exd5 6. Bg5
Nbd7 7. e3 c5 8. dxc5 Qa5 9. Rc1 Bxc3+ 10. bxc3 O-O 11. Nd4
Ne4 12. Bf4 Re8 13. f3 Nexc5 14. Be2 Ne5 15. Qd2 Nc4 16. Bxc4
dxc4 17. O-O Bd7 18. Rb1 b6 19. e4 Nd3 20. Be3 Ba4 21. Nf5
Rad8 22. Bd4 f6 23. Kh1 Rd7 24. g4 Nc5 25. g5 fxg5 26. Nxg7
Rxg7 27. Bxg7 Kxg7 28. Qxg5+ Kf7 29. Qd5+ Re6 30. Rb4 Bc6
31. Qh5+ Kg7 32. Rg1+ Rg6 33. Qe5+ Kf7 34. Qf5+ Kg7 35. Qe5+
Kf7 36. Rbb1 Ne6 37. Qxa5 bxa5 38. Rxg6 hxg6 39. Rb8 Nf4
40. Rc8 Bb5 41. Rc7+ Ke6 42. Rxa7 Ne2 43. Rxa5 Nxc3 44. Kg2
Kd6 45. Kf2 Kc5 46. Ke3 Na4 47. Ra7 c3 48. Rc7+ Kb6 49. Rg7
Be8 50. Kd3 Kc5 51. Rc7+ Kd6 52. Ra7 Kc5 53. Rc7+ Kd6 54. Rg7
Kc5 55. h4 Bb5+ 56. Kc2 Be2 57. Rc7+ Kd4 58. Rd7+ Kc4 59. e5
Nc5 60. Rc7 Kd4 61. f4 Bd3+ 62. Kd1 Bf5 63. Rc6 Bg4+ 64. Kc2
Bf5+ 65. Kd1 Bg4+ 66. Kc2 Bf5+ 67. Kd1 1/2-1/2

[Event "Asian Continental Chess Championship"]
[Site "Ho Chi Minh VIE"]
[Date "2012.05.08"]
[EventDate "2012.05.05"]
[Round "4"]
[Result "1/2-1/2"]
[White "Husein Aziz Nezad"]
[Black "Vidit Santosh Gujrathi"]
[WhiteElo "2393"]
[BlackElo "2528"]
[PlyCount "77"]

1. d4 Nf6 2. c4 e6 3. Nc3 Bb4 4. Qc2 O-O 5. a3 Bxc3+ 6. Qxc3
Ne4 7. Qc2 f5 8. Nh3 d6 9. f3 Nf6 10. e3 e5 11. dxe5 dxe5
12. Nf2 c5 13. Be2 Nc6 14. O-O a5 15. Re1 b6 16. Bd2 Qe7
17. Bc3 a4 18. Rad1 Be6 19. Rd2 Qf7 20. Rd6 Rfc8 21. f4 Ne8
22. Rd2 exf4 23. exf4 Ra7 24. Bh5 Qxh5 25. Rxe6 Qf7 26. Rde2
Nd4 27. Bxd4 cxd4 28. Rxb6 Rac7 29. Rbe6 g6 30. c5 Rxc5
31. Qxa4 Rc1+ 32. Nd1 Ng7 33. Rd6 R1c4 34. Qd7 Qxd7 35. Rxd7
Nh5 36. Ree7 Nf6 37. Rd6 Ne4 38. Rdd7 Nf6 39. Rd6 1/2-1/2

[Event "Asian Continental Chess Championship"]
[Site "Ho Chi Minh VIE"]
[Date "2012.05.09"]
[EventDate "2012.05.05"]
[Round "5"]
[Result "1/2-1/2"]
[White "Vidit Santosh Gujrathi"]
[Black "Wan Yunguo"]
[WhiteElo "2528"]
[BlackElo "2456"]
[PlyCount "80"]

1. d4 Nf6 2. c4 g6 3. Nc3 Bg7 4. g3 O-O 5. Bg2 d6 6. Nf3 c6
7. O-O Qa5 8. e4 e5 9. h3 Nbd7 10. Re1 exd4 11. Nxd4 Ne5
12. Bf1 Re8 13. Be3 c5 14. Nb3 Qb4 15. a3 Nf3+ 16. Qxf3 Qxb3
17. Rad1 Be6 18. Nb5 Red8 19. Nxd6 Nd7 20. Qe2 Ne5 21. f4 Nxc4
22. Nxc4 Rxd1 23. Qxd1 Bxc4 24. Qxb3 Bxb3 25. Bxc5 Rc8
26. Bxa7 Bxb2 27. Rb1 Rc2 28. Rd1 Bc4 29. Rd8+ Kg7 30. Bc5 g5
31. Bf8+ Kg6 32. Bxc4 Rxc4 33. fxg5 Rxe4 34. Kf2 Kxg5 35. Rd7
f5 36. Be7+ Kg6 37. Rxb7 Bd4+ 38. Kf1 f4 39. Bd6 fxg3 40. Bxg3
Re3 1/2-1/2

[Event "Asian Continental Chess Championship"]
[Site "Ho Chi Minh VIE"]
[Date "2012.05.10"]
[EventDate "2012.05.05"]
[Round "6"]
[Result "1/2-1/2"]
[White "Ehsan Ghaem Maghami"]
[Black "Vidit Santosh Gujrathi"]
[WhiteElo "2579"]
[BlackElo "2528"]
[PlyCount "46"]

1. e4 c6 2. d4 d5 3. exd5 cxd5 4. c4 Nf6 5. Nc3 Nc6 6. Bg5 Ne4
7. Nxe4 dxe4 8. d5 Ne5 9. Qd4 f6 10. Qxe4 Qb6 11. Bd2 e6
12. f4 Ng4 13. Nh3 f5 14. Qd3 Bc5 15. O-O-O O-O 16. Re1 h6
17. Qb3 Qxb3 18. axb3 exd5 19. b4 Bd4 20. Bc3 Be3+ 21. Bd2 Bd4
22. Bc3 Be3+ 23. Bd2 Bd4 1/2-1/2

[Event "Asian Continental Chess Championship"]
[Site "Ho Chi Minh VIE"]
[Date "2012.05.11"]
[EventDate "2012.05.05"]
[Round "7"]
[Result "1-0"]
[White "Vidit Santosh Gujrathi"]
[Black "Van Huy Nguyen"]
[WhiteElo "2528"]
[BlackElo "2502"]
[PlyCount "101"]

1. d4 Nf6 2. c4 e6 3. Nf3 d5 4. Nc3 Bb4 5. Bg5 Nbd7 6. e3 c5
7. cxd5 exd5 8. dxc5 Qa5 9. Rc1 Bxc3+ 10. bxc3 O-O 11. Nd4
Qxc5 12. Bd3 Re8 13. O-O a6 14. Bh4 Qf8 15. c4 dxc4 16. Bxc4
Ne4 17. Qc2 Nd6 18. Bd5 Ne5 19. Qb3 Bd7 20. Bg3 Rac8 21. Bxb7
Nxb7 22. Qxb7 Qa3 23. Rb1 Bc6 24. Nxc6 Nxc6 25. Rbc1 Qa4
26. h3 h6 27. Kh2 Qb5 28. Rb1 Qxb7 29. Rxb7 Re4 30. Rc1 Ra4
31. Rd7 Kh7 32. Rxf7 Rxa2 33. Rb1 Nd8 34. Rf8 Rac2 35. Rb6
R8c6 36. Rxc6 Nxc6 37. Ra8 a5 38. Ra6 g5 39. Bd6 h5 40. h4
gxh4 41. Kh3 Nb4 42. Rxa5 Nd3 43. f3 Kg6 44. Rd5 Ne1 45. Bb4
Re2 46. Bxe1 Rxe1 47. Kxh4 Rh1+ 48. Kg3 Ra1 49. Kf4 Ra2
50. Rg5+ Kh6 51. e4 1-0

[Event "Asian Continental Chess Championship"]
[Site "Ho Chi Minh VIE"]
[Date "2012.05.12"]
[EventDate "2012.05.05"]
[Round "8"]
[Result "1/2-1/2"]
[White "Liu Qingnan"]
[Black "Vidit Santosh Gujrathi"]
[WhiteElo "2483"]
[BlackElo "2528"]
[PlyCount "61"]

1. e4 c6 2. d4 d5 3. e5 Bf5 4. Nf3 e6 5. a3 Nd7 6. Be2 Ne7
7. O-O c5 8. dxc5 Nc6 9. b4 a5 10. b5 Ncxe5 11. Nd4 Bxc5
12. Nxf5 exf5 13. Qxd5 Qc7 14. Bb2 O-O-O 15. Nd2 Rhe8 16. Qb3
Nf6 17. Bxe5 Qxe5 18. Bd3 Ng4 19. Nf3 Bxf2+ 20. Kh1 Qc5
21. Qxf7 Rf8 22. Qxg7 Rd7 23. Qb2 Be3 24. Rae1 Nf2+ 25. Rxf2
Bxf2 26. Re5 Rd5 27. Re6 Rd6 28. Re5 Rd5 29. Re6 Bd4 30. Qb3
Kb8 31. Qa4 1/2-1/2

[Event "Asian Continental Chess Championship"]
[Site "Ho Chi Minh VIE"]
[Date "2012.05.13"]
[EventDate "2012.05.05"]
[Round "9"]
[Result "1/2-1/2"]
[White "Vidit Santosh Gujrathi"]
[Black "John Paul Gomez"]
[WhiteElo "2528"]
[BlackElo "2507"]
[PlyCount "39"]

1. d4 d5 2. c4 c6 3. Nf3 Nf6 4. e3 Bg4 5. h3 Bxf3 6. Qxf3 e6
7. Bd3 Nbd7 8. O-O Bd6 9. Nd2 O-O 10. e4 e5 11. cxd5 cxd5
12. exd5 Re8 13. Ne4 Nxe4 14. Qxe4 Nf6 15. Qh4 h6 16. Bb5 Nxd5
17. Qe4 Nf6 18. Qh4 Nd5 19. Qe4 Nf6 20. Qh4 1/2-1/2

[Event "NIT Nagpur GM Open"]
[Site "Nagpur IND"]
[Date "2012.10.21"]
[EventDate "2012.10.16"]
[Round "9.1"]
[Result "1/2-1/2"]
[White "Vidit Santosh Gujrathi"]
[Black "Aleksej Gennadyevich Aleksandrov"]
[WhiteElo "2501"]
[BlackElo "2602"]
[PlyCount "23"]

1. d4 Nf6 2. c4 e6 3. Nf3 d5 4. Nc3 Bb4 5. Bg5 h6 6. Bxf6 Qxf6
7. e3 O-O 8. Rc1 dxc4 9. Bxc4 c5 10. O-O cxd4 11. Nxd4 Bd7
12. Qb3 1/2-1/2

[Event "Kolkata Open"]
[Site "Kolkata IND"]
[Date "2012.12.03"]
[EventDate "2012.12.03"]
[Round "1"]
[Result "1-0"]
[White "Vidit Santosh Gujrathi"]
[Black "Himal Gusain"]
[WhiteElo "2527"]
[BlackElo "2339"]
[PlyCount "57"]

1. d4 d5 2. c4 e6 3. Nf3 Nf6 4. Nc3 Bb4 5. cxd5 exd5 6. Bg5
Nbd7 7. e3 c5 8. dxc5 Bxc3+ 9. bxc3 Qa5 10. Qd4 O-O 11. Nd2
Re8 12. Nb3 Qc7 13. f3 h6 14. Bf4 Qc6 15. Be2 b6 16. cxb6 Nh5
17. b7 Bxb7 18. Na5 Qc8 19. Bd6 Ba6 20. c4 Nb6 21. O-O dxc4
22. e4 Qd7 23. e5 Qa4 24. f4 Qxa5 25. Bxh5 Rad8 26. Rfd1 Bb7
27. f5 Nc8 28. Bxf7+ Kxf7 29. Qxc4+ 1-0